000 00411nam a2200169 4500
003 LK-CoMWRAF
005 20230828124727.0
008 230828b1998 |||||||| |||| 00| 0 eng d
040 _aLK-CoMWRAF
_dLK-CoMWRAF
_eLK-CoMWRAF
041 _aeng
082 _a370.1
_bVAL
245 _aValue based education 5
300 _bVicas publishing Ltd
_c1998
490 _aLet's Try
650 _aEducation
942 _cBK
999 _c3291
_d3291